000 00198 a2200097 4500
020 _a9781603961936
041 _aspa
100 _aMegan McDonal
245 _aEl inreible niò¨ menguante
942 _cBK
999 _c30178
_d30176